000 00801nam a2200301Ia 4500
001 74433
003 IT-RoPAU
008 130308s9999 xx 000 0 und d
040 _aIT-RoPAU
040 _cIT-RoPAU
041 _aITALIANO
100 _aPicabia Francis
100 _gCodice Aut. SPICS: 2616
245 _aManifesto cannibale nell'oscurità
245 _bTeatro Dada
250 _a1a ed.
260 _aTORINO
260 _bEinaudi
260 _c1988 [1° Ed.:1988 - Ed.Ling.Originale:1920]
300 _a"4 p. (prefazione: no ; testo: 4 [pagine: 121-124])"
500 _aTitolo Originale Manifeste Cannibale Dans L'Obscurite'
650 _aAUTORI/OPERE DI TEATRO
650 _eCodice materia Spics: 8407
942 _cBK
957 _71
999 _c61728
_d61728
999 _bSI
999 _g1